Państwa Ameryki Północnej według granic w 15 sekund - Statystyki

Ogólne statystyki
  • Ten quiz został rozwiązany 1 165 razy
  • Średni wynik to 9 z 12
Odpowiedzi na mapie
Odpowiedzi zakodowano w zielono-czerwonej skali na mapie do tego quizu, zgodnie z poniższymi procentami.
 
Statystyki odpowiedzi
Kraj % Poprawnych
Stany Zjednoczone
100%
Kanada
99%
Meksyk
99%
Gwatemala
83%
Honduras
74%
Kostaryka
74%
Belize
72%
Nikaragua
70%
Panama
67%
Salwador
63%
Dominikana
51%
Haiti
51%
Nie znaleziono quizów pasujących do podanych kryteriów
Rozkład punktacji
Procent ludzi z każdym wynikiem
Percentyl według liczby udzielonych odpowiedzi
Twoja historia wyników
Nie rozwiązałeś tego quizu